<?xml version="1.0" encoding="UTF-8"?>
<record
    xmlns:xsi="http://www.w3.org/2001/XMLSchema-instance"
    xsi:schemaLocation="http://www.loc.gov/MARC21/slim http://www.loc.gov/standards/marcxml/schema/MARC21slim.xsd"
    xmlns="http://www.loc.gov/MARC21/slim">

  <leader>01295cam7a220030101 4500</leader>
  <controlfield tag="001">lce02452422</controlfield>
  <controlfield tag="005">20190819114858.0</controlfield>
  <controlfield tag="008">901003s1991    dcu      b   f001 0 eng  </controlfield>
  <datafield tag="010" ind1=" " ind2=" ">
    <subfield code="a">   90010415</subfield>
  </datafield>
  <datafield tag="035" ind1=" " ind2=" ">
    <subfield code="a">(Sirsi) r91751</subfield>
  </datafield>
  <datafield tag="035" ind1=" " ind2=" ">
    <subfield code="a">(DLC)   90010415</subfield>
  </datafield>
  <datafield tag="035" ind1=" " ind2=" ">
    <subfield code="a">(UPRA)lce02452422</subfield>
  </datafield>
  <datafield tag="040" ind1=" " ind2=" ">
    <subfield code="a">DLC</subfield>
    <subfield code="c">DLC</subfield>
    <subfield code="d">DLC</subfield>
  </datafield>
  <datafield tag="043" ind1=" " ind2=" ">
    <subfield code="a">nwdq---</subfield>
  </datafield>
  <datafield tag="050" ind1="0" ind2="0">
    <subfield code="a">QK1</subfield>
    <subfield code="b">.S2747 no. 77</subfield>
    <subfield code="a">QK231.D59</subfield>
  </datafield>
  <datafield tag="082" ind1="0" ind2="0">
    <subfield code="a">581 s</subfield>
    <subfield code="a">583/.09729841</subfield>
    <subfield code="2">20</subfield>
  </datafield>
  <datafield tag="086" ind1="0" ind2=" ">
    <subfield code="a">SI 1.29:77</subfield>
  </datafield>
  <datafield tag="100" ind1="1" ind2=" ">
    <subfield code="a">Nicolson, Dan H. (Dan Henry), 1933-</subfield>
    <subfield code="q">Nicolson, Dan H. (Dan Henry), 1933-</subfield>
    <subfield code="d">Nicolson, Dan H. (Dan Henry), 1933-</subfield>
    <subfield code="6">A50749.1</subfield>
  </datafield>
  <datafield tag="245" ind1="1" ind2="0">
    <subfield code="a">Flora of Dominica.</subfield>
    <subfield code="n">Part 2, Dicotyledoneae /</subfield>
    <subfield code="p">Part 2, Dicotyledoneae /</subfield>
    <subfield code="c">Dan H. Nicolson, with Robert A. DeFilipps, Alice C. Nicolson, and others.</subfield>
  </datafield>
  <datafield tag="260" ind1=" " ind2=" ">
    <subfield code="a">Washington, D.C. :</subfield>
    <subfield code="b">Smithsonian Institution Press,</subfield>
    <subfield code="c">1991.</subfield>
  </datafield>
  <datafield tag="440" ind1=" " ind2="0">
    <subfield code="a">Smithsonian contributions to botany ;</subfield>
    <subfield code="v">no. 77</subfield>
    <subfield code="6">S1367.1</subfield>
  </datafield>
  <datafield tag="500" ind1=" " ind2=" ">
    <subfield code="a">Pt. 1: Flora of Dominica, B.W.I., part 1 / W.H. Hodge, published in Lloydia, 1954.</subfield>
  </datafield>
  <datafield tag="504" ind1=" " ind2=" ">
    <subfield code="a">Includes bibliographical references (p. 230-249) and index.</subfield>
  </datafield>
  <datafield tag="650" ind1=" " ind2="0">
    <subfield code="a">Dicotyledons -- Dominica.</subfield>
    <subfield code="z">Dicotyledons -- Dominica.</subfield>
    <subfield code="6">S39673.1</subfield>
  </datafield>
  <datafield tag="650" ind1=" " ind2="0">
    <subfield code="a">Botany -- Dominica.</subfield>
    <subfield code="z">Botany -- Dominica.</subfield>
    <subfield code="6">S39674.1</subfield>
  </datafield>
  <datafield tag="949" ind1=" " ind2=" ">
    <subfield code="a">QK1</subfield>
    <subfield code="w">lcc</subfield>
    <subfield code="i">-128893</subfield>
    <subfield code="m">MAIN</subfield>
    <subfield code="t">BOOK</subfield>
    <subfield code="l">ON-SHELF</subfield>
  </datafield>
  <controlfield tag="004">91751</controlfield>
  <datafield tag="999" ind1=" " ind2=" ">
    <subfield code="c">109515</subfield>
    <subfield code="d">109515</subfield>
  </datafield>
</record>
